[Event "International Tournament"]
[Site "Pool "]
[Date "2022.07.11"]
[Round "4.21"]
[White "Gan-Erdene, Sugar"]
[Black "Akin, Yagiz Cinar"]
[Result "1-0"]
[WhiteElo "2428"]
[BlackElo "2125"]
[PlyCount "67"]
[EventDate "2022.07.08"]

1. d4 d5 2. c4 e6 3. Nf3 Nf6 4. g3 Bb4+ 5. Bd2 Bd6 6. Qc2 c6 7. Bg2 Nbd7 8. O-O
O-O 9. Bg5 h6 10. Bxf6 Nxf6 11. Nbd2 b6 12. e4 dxe4 13. Nxe4 Nxe4 14. Qxe4 Bb7
15. Rad1 Qe7 16. Ne5 Bxe5 17. dxe5 Rad8 18. a3 Ba8 19. Qf4 c5 20. Bxa8 Rxa8 21.
Rd6 Rfd8 22. Qe4 Rac8 23. Rfd1 Qc7 24. b4 Rxd6 25. exd6 Qd7 26. b5 f6 27. Qc6
Rd8 28. a4 Kf7 29. a5 bxa5 30. Qxc5 Rc8 31. Qd4 Rd8 32. Qc3 a4 33. c5 Qxb5 34.
c6 1-0

[Event "International Tournament"]
[Site "Pool "]
[Date "2022.07.11"]
[Round "4.22"]
[White "Chitlange, Sakshi"]
[Black "Amartuvshin, Ganzorig"]
[Result "0-1"]
[WhiteElo "2216"]
[BlackElo "2409"]
[PlyCount "118"]
[EventDate "2022.07.08"]

1. d4 Nf6 2. c4 g6 3. Nc3 Bg7 4. e4 d6 5. Be2 O-O 6. Bg5 Na6 7. Nf3 h6 8. Be3
e5 9. O-O Ng4 10. Bc1 c6 11. d5 c5 12. a3 f5 13. g3 f4 14. Nh4 Qg5 15. Nb5 Rd8
16. Kg2 h5 17. Nf3 Qf6 18. Bd2 Rf8 19. h3 Nh6 20. gxf4 exf4 21. Bc3 Qe7 22.
Bxg7 Kxg7 23. Kh2 Ng4+ 24. Kg2 Ne5 25. Rh1 Bd7 26. Qd2 Kh6 27. Rag1 Bxb5 28.
cxb5 Nb8 29. Nxe5 Qxe5 30. f3 Nd7 31. Kh2 a6 32. Rc1 Qf6 33. Rhg1 axb5 34. Bxb5
Ne5 35. Be2 b5 36. Qd1 Rfb8 37. Ra1 Ra4 38. Rg2 Ra5 39. Qe1 Ra7 40. Qf1 Rab7
41. Rf2 g5 42. Qc1 Rf7 43. Kg1 Qe7 44. b4 c4 45. Kg2 Re8 46. a4 bxa4 47. Bxc4
Rc8 48. Rc2 g4 49. hxg4 Qh4 50. Be2 Qg3+ 51. Kf1 Nxf3 52. Bxf3 Qxf3+ 53. Kg1
Rg7 54. Qb2 Rxg4+ 55. Rg2 Qe3+ 56. Kf1 Rxg2 57. Qxg2 Rc1+ 58. Rxc1 Qxc1+ 59.
Kf2 Qd2+ 0-1

[Event "International Tournament"]
[Site "Pool "]
[Date "2022.07.11"]
[Round "4.23"]
[White "Saurabh, Anand"]
[Black "Muthaiah, Al"]
[Result "0-1"]
[WhiteElo "2215"]
[BlackElo "2401"]
[PlyCount "48"]
[EventDate "2022.07.08"]

1. d4 Nf6 2. c4 g6 3. Nc3 d5 4. Nf3 Bg7 5. Qb3 dxc4 6. Qxc4 O-O 7. e4 Bg4 8.
Be2 Nc6 9. Be3 Nd7 10. O-O-O Bxf3 11. gxf3 Nb6 12. Qc5 Qd6 13. e5 Qd7 14. h4 h5
15. f4 e6 16. f5 exf5 17. Bxh5 gxh5 18. Bg5 Rfe8 19. Rhg1 Ne7 20. Bxe7 Qxe7 21.
Rg5 Kh7 22. f4 Bh6 23. Rxf5 Qd7 24. Rxh5 Qg4 0-1

[Event "International Tournament"]
[Site "Pool "]
[Date "2022.07.11"]
[Round "4.24"]
[White "Damjanovic, Vuk"]
[Black "Mohota, Nisha"]
[Result "1/2-1/2"]
[WhiteElo "2393"]
[BlackElo "2148"]
[PlyCount "56"]
[EventDate "2022.07.08"]

1. c4 c6 2. d4 d5 3. Nc3 Nf6 4. e3 e6 5. b3 Bb4 6. Bb2 Ne4 7. Qc2 O-O 8. Bd3 f5
9. Nge2 Bd6 10. O-O Qh4 11. g3 Qh6 12. Rae1 Na6 13. a3 Bd7 14. f3 Nf6 15. Bc1
g5 16. b4 Qh3 17. b5 cxb5 18. c5 Bb8 19. Nxb5 Bc6 20. Nd6 Bxd6 21. cxd6 Nb8 22.
Nc3 Nbd7 23. a4 Rac8 24. Qd2 h6 25. Rf2 g4 26. f4 a6 27. Ba3 Qh5 28. Bf1 Qg6
1/2-1/2

[Event "International Tournament"]
[Site "Pool "]
[Date "2022.07.11"]
[Round "4.25"]
[White "Anuj, Shrivatri"]
[Black "Gkavardinas, Antonios"]
[Result "1-0"]
[WhiteElo "2383"]
[BlackElo "2010"]
[PlyCount "68"]
[EventDate "2022.07.08"]

1. d4 d5 2. c4 e6 3. Nc3 Be7 4. Bf4 Nf6 5. e3 O-O 6. a3 b6 7. Nb5 Na6 8. Nf3
Bb7 9. Rc1 c5 10. cxd5 exd5 11. h3 h6 12. Bd3 c4 13. Bb1 Bc6 14. Nc3 b5 15. Ne5
Qb6 16. g4 Rfe8 17. g5 hxg5 18. Bxg5 Nc7 19. Rg1 Ne6 20. h4 Kf8 21. Bf5 Bd6 22.
Kf1 Bxe5 23. dxe5 Ne4 24. Nxe4 dxe4 25. Qh5 Nxg5 26. Qxg5 Bd5 27. Qxg7+ Ke7 28.
Qg5+ Kf8 29. Rd1 Rad8 30. Qg7+ Ke7 31. Rg6 Be6 32. Rxe6+ Qxe6 33. Bxe6 Rxd1+
34. Ke2 Rd3 1-0

[Event "International Tournament"]
[Site "Pool "]
[Date "2022.07.11"]
[Round "4.26"]
[White "Sanket, Chakravarty"]
[Black "Djordjevic, Vuk"]
[Result "1-0"]
[WhiteElo "2209"]
[BlackElo "2382"]
[PlyCount "107"]
[EventDate "2022.07.08"]

1. e4 e6 2. d4 d5 3. e5 c5 4. c3 Nc6 5. Nf3 Qb6 6. Bd3 cxd4 7. O-O Bd7 8. Re1
Rc8 9. Nbd2 h6 10. h4 g6 11. Nb3 dxc3 12. bxc3 Na5 13. Be3 Qc7 14. Nxa5 Qxa5
15. Qb1 Bc5 16. Nd4 Qb6 17. Qc2 Ne7 18. Rab1 Qc7 19. Qd2 Ng8 20. Qb2 b6 21. Ba6
Rd8 22. Rbc1 Kf8 23. c4 Ne7 24. cxd5 Nxd5 25. Nb5 Bxb5 26. Bxc5+ bxc5 27. Qxb5
Rb8 28. Qxc5+ Qxc5 29. Rxc5 Ke7 30. Rec1 Rhd8 31. Bb5 g5 32. hxg5 hxg5 33. g3
Rb6 34. a4 a6 35. Bf1 Nb4 36. Rc7+ Rd7 37. Rc8 f6 38. Rg8 fxe5 39. Rxg5 Rd5 40.
Bg2 Ra5 41. Rc7+ Kd6 42. Rgg7 e4 43. Bxe4 Nd5 44. Rcd7+ Kc6 45. Rc7+ Kd6 46.
Rgd7+ Ke5 47. Rc4 Rb2 48. f4+ Kf6 49. Rc8 Ne7 50. Rf8+ Kg7 51. Re8 Rxa4 52.
Rdxe7+ Kf6 53. Rxe6+ Kf7 54. Bf3 1-0

[Event "International Tournament"]
[Site "Pool "]
[Date "2022.07.11"]
[Round "4.27"]
[White "Utsab, Chatterjee"]
[Black "Kadam, Om Manish"]
[Result "1-0"]
[WhiteElo "2377"]
[BlackElo "2037"]
[PlyCount "93"]
[EventDate "2022.07.08"]

1. e4 c5 2. Nf3 d6 3. d4 cxd4 4. Nxd4 Nf6 5. Nc3 a6 6. Be2 e5 7. Nb3 Be7 8. O-O
O-O 9. Kh1 Nc6 10. f4 b5 11. a3 Bb7 12. f5 Na5 13. Nxa5 Qxa5 14. Bg5 Qd8 15.
Bf3 Nd7 16. Be3 Nb6 17. b3 Rc8 18. Na2 d5 19. Bxb6 Qxb6 20. exd5 Bxa3 21. c4 e4
22. Bxe4 bxc4 23. f6 g6 24. bxc4 Rxc4 25. Rb1 Qd6 26. Qd3 Rc7 27. Rb3 Bc5 28.
Qd2 Re8 29. Qh6 Qf8 30. Qxf8+ Bxf8 31. d6 Bxd6 32. Bxb7 Rc2 33. Nc1 Rf2 34. Rf3
Rxf3 35. Bxf3 Be5 36. Bb7 a5 37. Nd3 Bd4 38. g4 a4 39. Bc6 a3 40. Bd5 Re2 41.
Rf4 Bc3 42. g5 Bd2 43. Rg4 Re8 44. h4 h6 45. gxh6 Bxh6 46. Ra4 Rd8 47. Ra7 1-0

[Event "International Tournament"]
[Site "Pool "]
[Date "2022.07.11"]
[Round "4.28"]
[White "Radojicic, Aleksandar M"]
[Black "Mazi, Leon"]
[Result "1/2-1/2"]
[WhiteElo "2188"]
[BlackElo "2358"]
[PlyCount "125"]
[EventDate "2022.07.08"]

1. d4 d5 2. Nc3 Nf6 3. Bf4 e6 4. Nb5 Na6 5. e3 Be7 6. Nf3 O-O 7. Be2 Nh5 8. Be5
f6 9. Bg3 c6 10. Nc3 c5 11. Nb5 Nxg3 12. hxg3 Bd7 13. a4 Nb8 14. c3 Nc6 15. Bd3
g6 16. Qb1 Be8 17. c4 a6 18. Nc3 cxd4 19. exd4 Nb4 20. O-O Rc8 21. cxd5 exd5
22. Re1 Bf7 23. Qd1 Re8 24. Qd2 Bd6 25. Rxe8+ Qxe8 26. Re1 Qd7 27. Bb1 Kg7 28.
Re2 Re8 29. Ne1 Nc6 30. Rxe8 Qxe8 31. Nc2 Qd7 32. Ne3 Bb4 33. Ba2 Ne7 34. Qd1
Ba5 35. Qb3 Qc6 36. Qa3 Bd8 37. Qb4 Qb6 38. Qxb6 Bxb6 39. Nc2 f5 40. Kf1 Kf6
41. Ke2 Ke6 42. Ke3 Kd6 43. Kd3 Nc6 44. Ne2 Ba5 45. Nc1 Nb4+ 46. Nxb4 Bxb4 47.
Ke3 Be8 48. Bb3 b5 49. axb5 Bxb5 50. Nd3 Ba5 51. Nf4 Bf1 52. Nxd5 Bxg2 53. Nf4
Bc6 54. Bg8 g5 55. Nd3 h5 56. Ne5 Bd5 57. Nc4+ Bxc4 58. Bxc4 Bb6 59. Bxa6 Kd5
60. Bb7+ Kc4 61. Bc8 Bxd4+ 62. Kf3 Bxb2 63. Bxf5 1/2-1/2

[Event "International Tournament"]
[Site "Pool "]
[Date "2022.07.11"]
[Round "4.29"]
[White "Ohanyan, Emin"]
[Black "Tenuunbold, Battulga"]
[Result "1-0"]
[WhiteElo "2354"]
[BlackElo "1893"]
[PlyCount "75"]
[EventDate "2022.07.08"]

1. d4 d5 2. c4 c6 3. Nf3 Nf6 4. Nc3 e6 5. Bg5 h6 6. Bxf6 Qxf6 7. e3 Nd7 8. Be2
Bd6 9. e4 dxe4 10. Nxe4 Bb4+ 11. Kf1 Qf4 12. Qc2 Nf6 13. Nxf6+ Qxf6 14. c5 Ba5
15. Qe4 O-O 16. Bd3 g6 17. Ne5 Rd8 18. h4 Bc7 19. Rh3 Qg7 20. Rf3 Bxe5 21. dxe5
Bd7 22. h5 Be8 23. hxg6 fxg6 24. Bc4 Qe7 25. Rf6 Kg7 26. b4 Rd2 27. Rxe6 Qg5
28. Rd6 Rd8 29. Re1 Bf7 30. Bxf7 Kxf7 31. b5 Kg7 32. bxc6 bxc6 33. Qxc6 Rf8 34.
Qd7+ Rf7 35. Rxd2 Rxd7 36. Rxd7+ Kf8 37. e6 Ke8 38. e7 1-0

[Event "International Tournament"]
[Site "Pool "]
[Date "2022.07.11"]
[Round "4.30"]
[White "Makridis, Dimitrios"]
[Black "Rohith, Krishna S"]
[Result "0-1"]
[WhiteElo "2152"]
[BlackElo "2326"]
[PlyCount "146"]
[EventDate "2022.07.08"]

1. e4 e5 2. Nf3 Nc6 3. d4 exd4 4. Nxd4 Bc5 5. Nb3 Bb6 6. Nc3 Nge7 7. a4 a6 8.
Nd5 Nxd5 9. exd5 Qe7+ 10. Be2 Ne5 11. a5 Ba7 12. d6 cxd6 13. O-O O-O 14. Bf4 b5
15. axb6 Bxb6 16. Bf3 Ra7 17. Bd5 a5 18. Bg3 Kh8 19. Qd2 f5 20. Bf4 a4 21. Nd4
Ra5 22. Nf3 Qf6 23. c4 Ra7 24. h3 h6 25. Be3 Bxe3 26. Qxe3 Ra6 27. Ra2 Nc6 28.
Qd2 Bb7 29. Rfa1 Rb6 30. Qc3 Nb4 31. Rxa4 Nxd5 32. cxd5 Bxd5 33. Qxf6 Rxf6 34.
Nd4 Rxb2 35. Ra5 Be6 36. Rd1 Rb6 37. Ra8+ Kh7 38. Rd8 d5 39. Rc8 f4 40. Rc7 Rf8
41. Ra1 Rf6 42. Nf3 Rf5 43. Re1 Rb4 44. Rd1 Rf8 45. Kf1 Ra8 46. Ne5 Ra2 47. Nd3
Rd4 48. Rcc1 d6 49. Ne1 Re4 50. Rc2 Rxc2 51. Nxc2 Kg6 52. Nd4 Kf6 53. Rd2 Bc8
54. f3 Ba6+ 55. Kf2 Re8 56. Rb2 Bc4 57. Rb6 Ra8 58. g4 Ra2+ 59. Ke1 g6 60. h4
Rh2 61. h5 gxh5 62. gxh5 Rxh5 63. Kd2 Rh1 64. Kc3 Rc1+ 65. Kd2 Ra1 66. Rb8 Ra2+
67. Ke1 Ra6 68. Kd2 Ke5 69. Kc3 Ra3+ 70. Kb2 Rd3 71. Nc6+ Kf6 72. Rf8+ Kg5 73.
Rg8+ Kh5 0-1

[Event "International Tournament"]
[Site "Pool "]
[Date "2022.07.11"]
[Round "4.31"]
[White "Jain, Kashish Manoj"]
[Black "Vishwa, Vasnawala"]
[Result "1-0"]
[WhiteElo "2147"]
[BlackElo "2305"]
[PlyCount "131"]
[EventDate "2022.07.08"]

1. e4 e5 2. Nf3 Nc6 3. Bb5 a6 4. Bxc6 dxc6 5. O-O f6 6. d4 exd4 7. Nxd4 c5 8.
Ne2 Qxd1 9. Rxd1 Bd7 10. Nbc3 O-O-O 11. Be3 Re8 12. Rd2 Bc6 13. Rad1 b6 14. a4
Kb7 15. Nf4 Nh6 16. Nfd5 Nf7 17. Bf4 Ne5 18. Ne3 h5 19. h3 Bd6 20. Bh2 c4 21.
Re2 b5 22. axb5 axb5 23. Nf5 Bf8 24. Nd4 b4 25. Nxc6 Kxc6 26. Nd5 Bc5 27. Kf1
Ra8 28. f4 Ng6 29. Bg1 Bd6 30. Be3 Ra2 31. c3 b3 32. Kf2 Rha8 33. g3 Ra1 34.
Rxa1 Rxa1 35. h4 Rb1 36. Bd4 Nf8 37. Ne3 Kb5 38. e5 fxe5 39. fxe5 Bc5 40. Bxc5
Kxc5 41. Ng2 Ne6 42. Nf4 Nxf4 43. gxf4 Rd1 44. e6 Rd8 45. f5 Rf8 46. Kg3 Kd6
47. e7 Re8 48. Kf4 Rxe7 49. Rxe7 Kxe7 50. Kg5 Kf7 51. Kxh5 Kf6 52. Kg4 g6 53.
fxg6 Kxg6 54. h5+ Kh6 55. Kh4 Kh7 56. Kg5 Kg7 57. h6+ Kh7 58. Kh5 Kh8 59. Kg6
Kg8 60. h7+ Kh8 61. Kh6 c6 62. Kg6 c5 63. Kf6 Kxh7 64. Ke6 Kg6 65. Kd5 Kf5 66.
Kxc5 1-0

[Event "International Tournament"]
[Site "Pool "]
[Date "2022.07.11"]
[Round "4.32"]
[White "Kairbekova, Amina"]
[Black "Ristic, Nenad"]
[Result "1-0"]
[WhiteElo "2133"]
[BlackElo "2293"]
[PlyCount "46"]
[EventDate "2022.07.08"]

1. e4 c6 2. d4 d5 3. e5 c5 4. Nf3 Nc6 5. dxc5 e6 6. Be3 Nge7 7. Bd3 Qc7 8. Nc3
a6 9. Na4 Nxe5 10. Nxe5 Qxe5 11. Nb6 Rb8 12. O-O Nf5 13. Bxf5 Qxf5 14. c4 d4
15. Qa4+ Kd8 16. Bxd4 Bxc5 17. Rad1 Kc7 18. Nd5+ exd5 19. Bxc5 d4 20. Qb4 Qg6
21. Rxd4 b6 22. Bd6+ Kb7 23. Bxb8 Kxb8 1-0

[Event "International Tournament"]
[Site "Pool "]
[Date "2022.07.11"]
[Round "4.33"]
[White "Bhattacharyya, Soham"]
[Black "Han, Yichen"]
[Result "0-1"]
[WhiteElo "2099"]
[BlackElo "2286"]
[PlyCount "77"]
[EventDate "2022.07.08"]

1. d4 d5 2. c4 e6 3. Nf3 Nf6 4. g3 dxc4 5. Bg2 c6 6. Ne5 Bb4+ 7. Bd2 Be7 8. e3
b5 9. b3 cxb3 10. axb3 b4 11. Nxc6 Nxc6 12. Bxc6+ Bd7 13. Qf3 Rc8 14. Bxd7+
Qxd7 15. O-O O-O 16. Rd1 Rfd8 17. Be1 e5 18. Nd2 exd4 19. Nc4 d3 20. Nb2 Qb5
21. Rxa7 Bf8 22. e4 Rc3 23. Bxc3 bxc3 24. e5 Qxe5 25. Nxd3 c2 26. Rc1 Qc3 27.
Qe2 Rxd3 28. Qxc2 Qd4 29. Ra8 Rd2 30. Qf5 g6 31. Qf3 Kg7 32. Rc4 Qe5 33. Kg2 h5
34. Ra7 Bd6 35. Rf4 Qe6 36. Rc4 Rb2 37. h3 Rb1 38. Qc3 Qd5+ 39. f3 0-1

[Event "International Tournament"]
[Site "Pool "]
[Date "2022.07.11"]
[Round "4.34"]
[White "Arpita, Mukherjee"]
[Black "Tamhankar, Siddhant"]
[Result "1/2-1/2"]
[WhiteElo "2281"]
[BlackElo "1811"]
[PlyCount "93"]
[EventDate "2022.07.08"]

1. e4 c5 2. Nf3 d6 3. Bb5+ Bd7 4. Bxd7+ Qxd7 5. O-O Nc6 6. c3 Nf6 7. Re1 e6 8.
d4 cxd4 9. cxd4 d5 10. e5 Ne4 11. Nbd2 Nxd2 12. Bxd2 Be7 13. Rc1 O-O 14. a3
Rfc8 15. h4 b5 16. Rc3 b4 17. Rd3 bxa3 18. bxa3 Bd8 19. h5 h6 20. Nh2 Ne7 21.
Nf1 Qb5 22. Qf3 Rc2 23. Rd1 Rac8 24. Ng3 Rb2 25. Bc3 Rb1 26. Rxb1 Qxb1+ 27. Kh2
Rc4 28. Bd2 Nc6 29. Rb3 Qa1 30. Bc3 Qc1 31. Ne2 Qg5 32. Rb7 f5 33. g3 Qg4 34.
Qxg4 fxg4 35. Ba1 Bg5 36. Bc3 Bd8 37. Ba1 Bg5 38. Kg2 Rc2 39. Kf1 Bd2 40. Rb2
Rxb2 41. Bxb2 g6 42. hxg6 Kg7 43. Ng1 Kxg6 44. Ke2 Ba5 45. Ke3 Kf5 46. Ne2 Bd8
47. Bc3 1/2-1/2

[Event "International Tournament"]
[Site "Pool "]
[Date "2022.07.11"]
[Round "4.35"]
[White "Santiago, Yago De Moura"]
[Black "Loskutova, Viktoriya"]
[Result "1-0"]
[WhiteElo "2513"]
[BlackElo "2153"]
[PlyCount "87"]
[EventDate "2022.07.08"]

1. d4 Nf6 2. c4 e6 3. Nc3 Bb4 4. e3 O-O 5. Bd3 d5 6. cxd5 exd5 7. a3 Bd6 8. Qc2
c6 9. Nge2 Re8 10. O-O a5 11. Bd2 Nbd7 12. Rad1 Ne4 13. Nxe4 dxe4 14. Bxe4
Bxh2+ 15. Kxh2 Qh4+ 16. Kg1 Rxe4 17. f3 Re8 18. e4 Nf6 19. Nc3 Be6 20. Qc1 Bc4
21. Bg5 Qh5 22. Rf2 Bb3 23. Re1 Qg6 24. Bxf6 Qxf6 25. e5 Qh4 26. Ne4 Bd5 27.
Nd6 Re6 28. Nf5 Qd8 29. Qf4 Qc7 30. Qg5 f6 31. Qg4 fxe5 32. dxe5 Rxe5 33. Rfe2
Rxe2 34. Rxe2 g6 35. Ne7+ Kf7 36. Qh4 Rh8 37. Nxg6 Kxg6 38. Re7 Qb6+ 39. Kh1
Qxb2 40. Qg3+ Kh6 41. Qd6+ Kg5 42. Re5+ Kh4 43. Qh6+ Kg3 44. Qh2+ 1-0

[Event "International Tournament"]
[Site "Pool "]
[Date "2022.07.11"]
[Round "4.36"]
[White "Ciric, Pavle"]
[Black "Pavlov, Mark"]
[Result "1/2-1/2"]
[WhiteElo "2155"]
[BlackElo "2385"]
[PlyCount "83"]
[EventDate "2022.07.08"]

1. e4 e6 2. d4 d5 3. Nc3 Nf6 4. Bg5 Bb4 5. e5 h6 6. Bd2 Bxc3 7. bxc3 Ne4 8. Bc1
Nxc3 9. Qg4 g6 10. Ne2 Nxe2 11. Bxe2 c5 12. dxc5 Nc6 13. h4 Qa5+ 14. Bd2 Qxc5
15. h5 g5 16. O-O Qxc2 17. Rfd1 Qf5 18. Qxf5 exf5 19. f4 g4 20. Be3 Be6 21.
Rab1 O-O-O 22. Bb5 d4 23. Bxc6 bxc6 24. Rxd4 Rxd4 25. Bxd4 Rd8 26. Bxa7 Rd2 27.
Be3 Rxa2 28. Kh2 Bd5 29. Rg1 Rc2 30. e6 fxe6 31. Bd4 Kd7 32. Bg7 Ke7 33. Bxh6
Kf7 34. Bg5 c5 35. Bd8 c4 36. Bc7 Kg7 37. Kg3 Kh6 38. Kh4 Bxg2 39. Bd6 Bc6 40.
Bb4 Kh7 41. Ra1 Be8 42. Kg5 1/2-1/2

[Event "International Tournament"]
[Site "Pool "]
[Date "2022.07.11"]
[Round "4.37"]
[White "Ilamparthi, A R."]
[Black "Sapenov, Daniyal"]
[Result "0-1"]
[WhiteElo "2153"]
[BlackElo "2362"]
[PlyCount "146"]
[EventDate "2022.07.08"]

1. e4 e5 2. Nf3 Nc6 3. d3 Bc5 4. g3 d6 5. Bg2 Nge7 6. c3 Bb6 7. Nbd2 a6 8. Nc4
Ba7 9. O-O O-O 10. b4 Be6 11. Bb2 h6 12. Ne3 f5 13. exf5 Nxf5 14. Nxf5 Bxf5 15.
a4 Bh7 16. b5 Ne7 17. d4 e4 18. Nd2 d5 19. Qb3 Kh8 20. c4 c6 21. c5 Rc8 22. f3
e3 23. Qxe3 Nf5 24. Qf2 Bb8 25. f4 axb5 26. axb5 cxb5 27. Qe2 Re8 28. Qxb5 Ne3
29. Rfe1 Nxg2 30. Kxg2 Re7 31. Qf1 Rf7 32. Qe2 Bf5 33. Ra3 Qf6 34. Rb3 Kh7 35.
Re3 Qg6 36. Kh1 b6 37. Ba3 bxc5 38. Bxc5 Bc7 39. Ra1 Bd8 40. Qf3 Bf6 41. Ra6
Bg4 42. Qf1 Qh5 43. Nf3 Bf5 44. Nd2 Rb7 45. Ra2 Rcb8 46. Re1 Rb2 47. Rxb2 Rxb2
48. Qe2 Qh3 49. Kg1 Be4 50. Nxe4 Rxe2 51. Nxf6+ gxf6 52. Rxe2 Kg6 53. Re3 Kf5
54. Be7 h5 55. Bc5 h4 56. Be7 Qg4 57. Kf2 Qd1 58. Bc5 h3 59. Re1 Qb3 60. Re8
Qc4 61. Re2 Kg4 62. Re3 Qc2+ 63. Re2 Qd1 64. Ke3 Qg1+ 65. Rf2 Kf5 66. Kf3 Qh1+
67. Ke3 Qc1+ 68. Kf3 Qc3+ 69. Ke2 Ke4 70. Kf1 Qd3+ 71. Kg1 Ke3 72. Bb4 Qb1+ 73.
Rf1 Qxb4 0-1

[Event "International Tournament"]
[Site "Pool "]
[Date "2022.07.11"]
[Round "4.38"]
[White "Srdanovic, Jovana"]
[Black "Lu, Miaoyi"]
[Result "1-0"]
[WhiteElo "2136"]
[BlackElo "2322"]
[PlyCount "57"]
[EventDate "2022.07.08"]

1. d4 d5 2. c4 e6 3. Nc3 c5 4. cxd5 exd5 5. Nf3 Nc6 6. Bf4 Bg4 7. Ne5 cxd4 8.
Nxc6 bxc6 9. Qxd4 Qb6 10. Qe5+ Ne7 11. O-O-O Qxf2 12. Bg3 Qf5 13. Qd4 Ng6 14.
Qa4 Qd7 15. h3 Bh5 16. Bh2 f5 17. g4 fxg4 18. e4 g3 19. Rxd5 Qe6 20. Bxg3 Bf3
21. Bc4 Bxh1 22. Rd8+ Rxd8 23. Bxe6 Bd6 24. Qxc6+ Ke7 25. Bb3 Rhf8 26. Nd5+ Ke6
27. Nb6+ Kf6 28. Bxd6 Ne5 29. Be7+ 1-0

[Event "International Tournament"]
[Site "Pool "]
[Date "2022.07.11"]
[Round "4.39"]
[White "Jocev, Milan"]
[Black "Radisavljevic, Dalibor"]
[Result "1/2-1/2"]
[WhiteElo "2317"]
[BlackElo "2135"]
[PlyCount "91"]
[EventDate "2022.07.08"]

1. e4 c5 2. Nf3 Nc6 3. Bb5 g6 4. O-O Bg7 5. c3 Nf6 6. Bxc6 dxc6 7. Qe2 O-O 8.
h3 Ne8 9. d4 cxd4 10. cxd4 Nd6 11. Nc3 b6 12. Rd1 Bb7 13. Bf4 Rc8 14. Rac1 Qd7
15. e5 Nb5 16. Qe3 Rfd8 17. Bh6 Bh8 18. Qf4 Nxc3 19. bxc3 Qf5 20. Qxf5 gxf5 21.
Nh4 e6 22. Bg5 Rd7 23. f4 Bg7 24. Rd3 c5 25. Rg3 Kf8 26. dxc5 Rxc5 27. Bf6 Bh6
28. Rf1 Rd2 29. a3 Ra5 30. c4 Rc5 31. Rc3 Rd4 32. g3 Rcxc4 33. Rxc4 Rxc4 34.
Rd1 Bd5 35. Nxf5 exf5 36. Rxd5 Rc8 37. Rd7 Kg8 38. Rxa7 Bf8 39. Kf1 h5 40. a4
Bb4 41. Ke2 Bc5 42. Rd7 Ra8 43. Rd8+ Rxd8 44. Bxd8 Kf8 45. a5 bxa5 46. Bxa5
1/2-1/2

[Event "International Tournament"]
[Site "Pool "]
[Date "2022.07.11"]
[Round "4.40"]
[White "Milosevic, Milos"]
[Black "Joshua, A P."]
[Result "1-0"]
[WhiteElo "2288"]
[BlackElo "2153"]
[PlyCount "63"]
[EventDate "2022.07.08"]

1. e4 c6 2. d4 d5 3. Nc3 dxe4 4. Nxe4 Nf6 5. Nxf6+ exf6 6. c3 Bd6 7. Bd3 O-O 8.
Qc2 Re8+ 9. Ne2 h5 10. O-O h4 11. h3 Nd7 12. Bd2 Nf8 13. Rae1 g6 14. c4 f5 15.
Qc1 Ne6 16. d5 Nc5 17. Bb1 cxd5 18. Nc3 Be6 19. cxd5 Bd7 20. Rxe8+ Bxe8 21. Re1
f6 22. Bf4 Bf8 23. d6 Bf7 24. Nb5 Qb6 25. b4 Nb3 26. axb3 Qxb5 27. Qc3 Re8 28.
Rxe8 Qxe8 29. Bd3 Kg7 30. Qc7 Qe1+ 31. Bf1 Qe4 32. Bc4 1-0

[Event "International Tournament"]
[Site "Pool "]
[Date "2022.07.11"]
[Round "4.41"]
[White "Panda, Sambit"]
[Black "Vafiadis, Kleanthis"]
[Result "1-0"]
[WhiteElo "2123"]
[BlackElo "2286"]
[Annotator "HP"]
[PlyCount "53"]
[EventDate "2022.07.08"]

1. d4 Nf6 2. c4 g6 3. Nc3 Bg7 4. e4 O-O 5. Nf3 d6 6. Be2 Na6 7. O-O Qe8 8. Be3
e5 9. Rc1 exd4 10. Bxd4 Bd7 11. Re1 Ng4 12. Nd5 Ne5 13. c5 Nxf3+ 14. Bxf3 Qd8
15. cxd6 cxd6 16. Bxg7 Kxg7 17. Be2 Nc5 18. e5 Ne6 19. exd6 Qg5 20. f4 Qh4 21.
g3 Qd8 22. Bg4 f5 23. Nc7 fxg4 24. Rxe6 Rc8 25. Qd4+ Kh6 26. Re7 Rg8 27. Qf6
1-0

[Event "International Tournament"]
[Site "Pool "]
[Date "2022.07.11"]
[Round "4.42"]
[White "Antova, Gabriela"]
[Black "Borgaonkar, Akshay"]
[Result "1-0"]
[WhiteElo "2275"]
[BlackElo "2122"]
[Annotator "HP"]
[PlyCount "167"]
[EventDate "2022.07.08"]

{[%evp 0,13,16,28,27,-16,55,35,43,20,19,20,27,26,33,33]} 1. d4 Nf6 2. c4 g6 3.
Nf3 Bg7 4. g3 O-O 5. Bg2 d6 6. O-O c6 7. Nc3 Bf5 8. Ng5 e5 9. d5 Qc7 10. e4 Bg4
11. f3 Bd7 12. Nh3 cxd5 13. cxd5 b5 14. a3 a5 15. Be3 Na6 16. Rc1 Qb7 17. Nf2
Rfc8 18. Nd3 b4 19. Ne2 Rxc1 20. Nexc1 Rc8 21. Qd2 Qb5 22. axb4 Nxb4 23. Nxb4
axb4 24. Nd3 b3 25. Rc1 Ra8 26. Bf1 Qb8 27. Qb4 Ne8 28. Rc3 Qxb4 29. Nxb4 Ra1
30. Kf2 f5 31. Bd3 f4 32. Bc1 Bf6 33. Nc6 h5 34. Bc4 h4 35. g4 h3 36. Bf1 Bh4+
37. Ke2 Nc7 38. Kd1 Na6 39. Rxb3 Nc5 40. Rb8+ Kg7 41. Kc2 Bf2 42. b4 Nb3 43.
Kxb3 Rxc1 44. Bxh3 Bxc6 45. dxc6 Rxc6 46. Bf1 Rc1 47. Bc4 Kf6 48. Rd8 Ke7 49.
Rg8 Be1 50. Bd5 Rb1+ 51. Kc2 Rxb4 52. Rxg6 Rb8 53. Rh6 Bf2 54. h4 Bd4 55. g5
Rb2+ 56. Kd3 Rg2 57. Rg6 Rg3 58. Rg7+ Kf8 59. Rg8+ Ke7 60. h5 Rxf3+ 61. Kc4 Rh3
62. Rg7+ Ke8 63. Rg8+ Ke7 64. Rg7+ Ke8 65. h6 f3 66. Rg8+ Ke7 67. Rg7+ Ke8 68.
Kb5 f2 69. Rg8+ Ke7 70. Rg7+ Ke8 71. Bc4 d5 72. exd5 e4 73. d6 Rc3 74. d7+ Kd8
75. Rf7 Kc7 76. g6 Rg3 77. g7 e3 78. Rf8 Rg5+ 79. Ka4 Kxd7 80. g8=Q Rxg8 81.
Rxg8 Kd6 82. h7 Kc5 83. Kb3 Ba1 84. h8=Q 1-0

[Event "International Tournament"]
[Site "Pool "]
[Date "2022.07.11"]
[Round "4.43"]
[White "Toncheva, Nadya"]
[Black "Aakash Sharadchandra, Dalvi"]
[Result "0-1"]
[WhiteElo "2228"]
[BlackElo "2110"]
[PlyCount "120"]
[EventDate "2022.07.08"]

1. d4 Nf6 2. c4 e6 3. Nc3 Bb4 4. e3 O-O 5. Bd3 d5 6. cxd5 exd5 7. Nge2 Bd6 8.
O-O Re8 9. Qc2 c6 10. f3 Na6 11. a3 c5 12. Kh1 Nc7 13. Rd1 cxd4 14. Nxd4 a6 15.
Qf2 Qe7 16. e4 Qe5 17. g3 Bc5 18. Bc2 dxe4 19. Nxe4 Nxe4 20. Bxe4 Ne6 21. Be3
Ng5 22. Bxg5 Qxg5 23. Qc2 g6 24. Rac1 Bb6 25. Nb3 Be3 26. Rb1 Rb8 27. Rd5 Qf6
28. Nc5 Bxc5 29. Rxc5 Be6 30. Rc1 b6 31. Rc6 Rbc8 32. Qf2 Rxc6 33. Rxc6 Rd8 34.
Rc2 Rd1+ 35. Kg2 Qd8 36. Qe3 Qd7 37. h4 Bh3+ 38. Kh2 Bf1 39. g4 Qd6+ 40. f4 Rd4
41. Rf2 Bc4 42. Bg2 Be6 43. g5 a5 44. Kg1 Rd3 45. Qe4 Bf5 46. Qe8+ Kg7 47. h5
gxh5 48. Qb5 Bd7 49. Qc4 h4 50. Bf1 Rg3+ 51. Rg2 Be6 52. Qc2 Qxf4 53. Qe2 Qd4+
54. Qf2 Rxg2+ 55. Bxg2 Qxf2+ 56. Kxf2 Kg6 57. Be4+ Kxg5 58. Kf3 Bg4+ 59. Kg2 f5
60. Bc6 Kf4 0-1

[Event "International Tournament"]
[Site "Pool "]
[Date "2022.07.11"]
[Round "4.44"]
[White "Ozturk, Efe Hakan"]
[Black "Lever, Erwan"]
[Result "1-0"]
[WhiteElo "2115"]
[BlackElo "2178"]
[PlyCount "77"]
[EventDate "2022.07.08"]

1. Nf3 Nf6 2. g3 e6 3. Bg2 d5 4. O-O c5 5. c4 d4 6. e3 Nc6 7. exd4 cxd4 8. d3
Be7 9. Re1 Nd7 10. Na3 O-O 11. Nc2 a5 12. Ncxd4 Nxd4 13. Nxd4 Nc5 14. Be3 e5
15. Nb5 Nxd3 16. Re2 Bg4 17. f3 Bf5 18. Rd2 Bb4 19. Nc3 Qd7 20. Bf1 Rad8 21.
Bb6 Qd6 22. Bxd8 Qd4+ 23. Kh1 Rxd8 24. Bxd3 Bxd3 25. Qg1 Qxc4 26. Qe3 e4 27.
Rad1 f5 28. Qf4 Qc6 29. Kg2 Bxc3 30. bxc3 Re8 31. fxe4 Bxe4+ 32. Kg1 Qxc3 33.
Rd8 Qc5+ 34. Qf2 Qc6 35. Rxe8+ Qxe8 36. Qb6 Kf7 37. Qc7+ Kg6 38. Rd6+ Kh5 39.
Qxg7 1-0

[Event "International Tournament"]
[Site "Pool "]
[Date "2022.07.11"]
[Round "4.45"]
[White "Bogdanov, Artyom"]
[Black "Karadzhov, Ivan"]
[Result "0-1"]
[WhiteElo "2059"]
[BlackElo "2167"]
[PlyCount "72"]
[EventDate "2022.07.08"]

1. e4 c5 2. Nf3 d6 3. Bb5+ Nd7 4. d4 cxd4 5. Qxd4 a6 6. Bxd7+ Bxd7 7. c4 Nf6 8.
Nc3 e5 9. Qd3 h6 10. O-O Be7 11. b3 O-O 12. Ba3 Qa5 13. Bb2 Rfc8 14. a4 Qb6 15.
Nd2 Be6 16. h3 Nh5 17. Ne2 g6 18. Kh2 f5 19. exf5 gxf5 20. g4 Ng7 21. f4 Bf6
22. gxf5 Bxf5 23. Qd5+ Kh8 24. Ng3 Be6 25. Qg2 Rg8 26. Qe2 Raf8 27. Nde4 Nf5
28. Nh5 Bg7 29. Nxg7 Nxg7 30. fxe5 Qxb3 31. Qd2 Qxh3+ 32. Kg1 Nh5+ 33. Ng5
Rxg5+ 34. Qxg5 Rxf1+ 35. Rxf1 hxg5 36. exd6+ Kg8 0-1